00741nam a22002057a 450000500170000001000150001702000260003203500130005803700130007108200120008410000170009624500510011326000460016427000810021030000260029150000500031794200260036799900170039395201250041020140304162322.0 aENG-108748 c495.00a9788192426570 aEN-92281 bDBAD/PUB a309.154 aMadhu Kumari aChanging society in new era /cby Madhu Kumari aNew DelhibGaurav Book Distributorsc2012 aH No. 45,Ground floor, Shivaji Marg, Gali No. 5, Kartar NagarbDelhie110053 aviii,168p. c22cm(Hb) aIncludes bibliographical references and lndex 2ddccENmMADh309.154 c81082d81082 001040718NFICaDBADbDBADd2013-12-06eDBAD/PUBg495.00l0o309.154 MADpEN-92281r2013-12-06 00:00:00t1v495.00yEN